| 000 | 00661nam a2200217 a 4500 | ||
|---|---|---|---|
| 999 |
_c423 _d423 |
||
| 001 | 10044 | ||
| 003 | BD-DhUAP | ||
| 005 | 20210117092617.0 | ||
| 008 | 200122s1995 bg b 001 0 eng | ||
| 020 | _a9840512803 | ||
| 040 |
_aDLC _cBD-DhUAP _bEng _dBD-DhUAP |
||
| 082 |
_223 _a333.31095492 HUS |
||
| 100 | 1 | _aHussain, T. | |
| 245 | 1 | 0 |
_aLand rights in Bangladesh : _bproblems of management / _cT. Hussain. |
| 260 |
_aDhaka : _bUniversity Press Ltd., _cc1995. |
||
| 300 |
_a140 pages ; _c22 cm. |
||
| 504 | _aIncludes bibliographical references and index. | ||
| 650 | 0 |
_aLand tenure _zBangladesh. |
|
| 650 | 0 |
_aLand tenure _zIndia _zWest Bengal. |
|
| 942 |
_2ddc _cBK |
||